书目信息 |
| 题名: |
SCR烟气脱硝催化剂全寿命周期管理
|
|
| 作者: | 禾志强 主编 ;内蒙古电力科学研究院 编著 | |
| 分册: | ||
| 出版信息: | 北京 中国电力出版社 2019.08 |
|
| 页数: | 174页 | |
| 开本: | 26cm | |
| 丛书名: | ||
| 单 册: | ||
| 中图分类: | X773.017 | |
| 科图分类: | ||
| 主题词: | 火电厂--huo dian chang--烟气--脱硝--催化剂--研究 | |
| 电子资源: | ||
| ISBN: | 978-7-5198-3369-5 | |
| 000 | 01436nam0 2200265 450 | |
| 001 | 202020140976 | |
| 005 | 20200926181358.0 | |
| 010 | @a978-7-5198-3369-5@dCNY55.00 | |
| 100 | @a20200919d2019 em y0chiy50 ea | |
| 101 | 0 | @achi |
| 102 | @aCN@b110000 | |
| 105 | @aak a 000yy | |
| 106 | @ar | |
| 200 | 1 | @aSCR烟气脱硝催化剂全寿命周期管理@ASCR yan qi tuo xiao cui hua ji quan shou ming zhou qi guan li@f内蒙古电力科学研究院编著 |
| 210 | @a北京@c中国电力出版社@d2019.08 | |
| 215 | @a174页@c图@d26cm | |
| 314 | @a书内题: 禾志强主编 | |
| 320 | @a有书目 (第170-174页) | |
| 330 | @a本书以火力发电厂脱硝催化剂使用及寿命管理为主线, 以延长催化剂使用寿命为核心, 进行了各个方面的评价和阐述, 探讨了影响催化剂寿命的关键因素及延长催化剂使用寿命的方法, 从投运前SCR脱硝催化剂设计选型、使用现状、工作机理, 到运行中活性检测预估、添加更换及再生, 再到运行后续的优化调整、寿命管理、废旧催化剂处理技术等进行了全面、系统的评价和案例分析, 给出了合理的结论和建议, 依据结论可以对催化剂的寿命和运行状态有一个全方位的了解和判断, 为SCR脱硝系统健康高效、安全稳定、环保经济地运行打下坚实的基础。书中还介绍了国内外脱硝催化剂发展历程、趋势和国内最新相关法律法规及标准。 | |
| 606 | 0 | @a火电厂@Ahuo dian chang@x烟气@x脱硝@x催化剂@x研究 |
| 690 | @aX773.017@v5 | |
| 701 | 0 | @a禾志强@Ahe zhi qiang@4主编 |
| 712 | 02 | @a内蒙古电力科学研究院@Anei meng gu dian li ke xue yan jiu yuan@4编著 |
| 801 | 0 | @aCN@c20190930 |
| 905 | @a河南城建学院图书馆@dX773.017@eH152 | |
| SCR烟气脱硝催化剂全寿命周期管理/内蒙古电力科学研究院编著.-北京:中国电力出版社,2019.08 |
| 174页:图;26cm |
| ISBN 978-7-5198-3369-5:CNY55.00 |
| 本书以火力发电厂脱硝催化剂使用及寿命管理为主线, 以延长催化剂使用寿命为核心, 进行了各个方面的评价和阐述, 探讨了影响催化剂寿命的关键因素及延长催化剂使用寿命的方法, 从投运前SCR脱硝催化剂设计选型、使用现状、工作机理, 到运行中活性检测预估、添加更换及再生, 再到运行后续的优化调整、寿命管理、废旧催化剂处理技术等进行了全面、系统的评价和案例分析, 给出了合理的结论和建议, 依据结论可以对催化剂的寿命和运行状态有一个全方位的了解和判断, 为SCR脱硝系统健康高效、安全稳定、环保经济地运行打下坚实的基础。书中还介绍了国内外脱硝催化剂发展历程、趋势和国内最新相关法律法规及标准。 |
| ● |
| 相关链接 |
|
|
|
正题名:SCR烟气脱硝催化剂全寿命周期管理
索取号:X773.017/H152
 
预约/预借
| 序号 | 登录号 | 条形码 | 馆藏地/架位号 | 状态 | 备注 |
| 1 | 1491134 | 214911345 | 自科库501/501自科库 110排1列2层/ [索取号:X773.017/H152] | 在馆 |